| 000 | 00670cam a2200253 4500 | ||
|---|---|---|---|
| 008 | 090401t1991 xxu||||| |||| 00| 0 eng d | ||
| 020 | _a0851217532 | ||
| 035 | _a(Sirsi) u50535 | ||
| 041 | _aeng | ||
| 050 | _a346.4104343 | ||
| 100 | _aAldridge, Trevor M. | ||
| 245 | _aCompanion to the Law Society business lease. | ||
| 260 |
_aLondon _bLongman _c1991 |
||
| 300 | _avi,22cm. ; 26x11cm. | ||
| 350 | _a7.95 | ||
| 490 | _aLongman, Law, Tax and Finance | ||
| 650 | _aBUSINESS LEASES | ||
| 650 | _aBUSINESS TENANCIES | ||
| 650 | _aLAW SOCIETY | ||
| 650 | _aLEASES | ||
| 690 | _aLANDLORD AND TENANT-BUSINESS TENANCIES | ||
| 942 | _n0 | ||
| 948 | _c04/03/1997 | ||
| 999 |
_c92718 _d92718 |
||